000 00261nam a2200121Ia 4500
008 190216s9999||||xx |||||||||||||| ||und||
100 _aRashin Malhothra
245 0 _aHindi-Anth Sambanth
260 _bAnurag
300 _a111
650 _aHindi
942 _cBK
999 _c16325
_d16325